| 000 | 00592nam a22001817a 4500 | ||
|---|---|---|---|
| 003 | OSt | ||
| 005 | 20150912190006.0 | ||
| 008 | 150527b xxu||||| |||| 00| 0 eng d | ||
| 020 | _a9789185257911 | ||
| 040 | _c04 | ||
| 100 |
_aAlinaitwe Henry Mwanaki _95000 |
||
| 245 |
_aImprovement of labour performance and Productivity in uganda's Building industry / _cHenry Mwanaki Alinaitwe |
||
| 260 |
_aLund University. _bDivision of Construction management. _c2008 |
||
| 300 |
_axviii, 228 p: _bill; _c28 cm. |
||
| 504 | _aIncludes references and index | ||
| 650 |
_aLabour _95001 |
||
| 942 |
_2z _cSLOAN |
||
| 999 |
_c1902 _d1902 |
||